Contencioso administrativo ambiental

Gorde:
Xehetasun bibliografikoak
Egile nagusia: Bordalí Salamanca, Andrés (Egilea)
Beste egile batzuk: Hunter Ampuero, Iván A (autor)
Formatua: Liburua
Hizkuntza:gaztelania
Argitaratua: Santiago Librotecnia 2017
Edizioa:1a. ed
Saila:Derecho
Gaiak:
Etiketak: Etiketa erantsi
Etiketarik gabe, Izan zaitez lehena erregistro honi etiketa jartzen!

MARC

LEADER 00000cam a2200000 a 4500
001 UCC0419
003 CL-VaPUC
008 170811e20170700cl |||||||||||||||||spa|d
020 |a 9789563271577 
082 0 4 |a 344.046  |b BOR  |2 21 
100 0 |a Bordalí Salamanca, Andrés  |e author  |9 594370 
700 |a Hunter Ampuero, Iván A  |e autor  |9 594371 
245 1 0 |a Contencioso administrativo ambiental 
250 |a 1a. ed 
300 |a 408 p 
942 |c BK 
945 |d 20170811 15:21:00  |a arojas 
260 |a Santiago  |b Librotecnia  |c 2017 
650 0 |a Derecho ambiental   |9 257835 
650 7 |a CONTENCIOSO ADMINISTRATIVO  |2 CL-VaPUC  |9 255490 
650 0 |a Jurisprudencia  |9 255952 
583 |a last modification  |c 20170811 15:21:00  |k Rodrigo Vera 
490 0 |a Derecho 
999 |c 369262  |d 369260 
952 |0 0  |1 0  |3 erb  |4 0  |6 344_046000000000000_BOR_2017  |7 0  |8 A  |9 484904  |a BIBDER  |b BIBDER  |i 5413133  |l 28  |m 9  |o 344.046 BOR 2017  |p 5413133  |r 2024-03-18  |s 2024-03-06  |w 2019-11-24  |y BK  |z Catalogado en:20170811  |k DER